Southville International School and Colleges
Your cart is empty.
  • Cart
  • Lists
    Public lists list_1 View all
    Your lists Log in to create your own lists
  • Log in to your account
  • Your cookies
  • Search history
Southville International School and Colleges
  • Advanced search
  • Recent comments
  • Most popular
  • Libraries

Log in to your account

Log in with GOOGLE


If you do not have an external account, but do have a local account, you can still log in:

  1. Home
  2. MARC view: Noli Me Tangere /
Normal view MARC view ISBD view

Noli Me Tangere / (Record no. 8363)

[ view plain ]
MARC details
000 -LEADER
fixed length control field 00545nam a22002057a 4500
003 - CONTROL NUMBER IDENTIFIER
control field OSt
005 - DATE AND TIME OF LATEST TRANSACTION
control field 20140310182021.0
008 - FIXED-LENGTH DATA ELEMENTS--GENERAL INFORMATION
fixed length control field 130731t xxu||||| |||| 00| 0 eng d
020 ## - INTERNATIONAL STANDARD BOOK NUMBER
International Standard Book Number 9789715847650
050 ## - LIBRARY OF CONGRESS CALL NUMBER
Classification number DS 675.8
Item number .R627 2008
082 ## - DEWEY DECIMAL CLASSIFICATION NUMBER
Classification number FIL 899.2103
Item number C84 2008
100 ## - MAIN ENTRY--PERSONAL NAME
Personal name Rizal, Jose
245 ## - TITLE STATEMENT
Title Noli Me Tangere /
Statement of responsibility, etc Jose P. Rizal.
260 ## - PUBLICATION, DISTRIBUTION, ETC. (IMPRINT)
Place of publication, distribution, etc Quezon City, Philippines :
Name of publisher, distributor, etc C&E,
Date of publication, distribution, etc c2008.
300 ## - PHYSICAL DESCRIPTION
Extent 545 p. :
Other physical details ill. ;
Dimensions 25 cm.
562 ## - COPY AND VERSION IDENTIFICATION NOTE
Number of copies 1
650 ## - SUBJECT ADDED ENTRY--TOPICAL TERM
Topical term or geographic name as entry element Literature
General subdivision Philippines
942 ## - ADDED ENTRY ELEMENTS (KOHA)
Source of classification or shelving scheme Library of Congress Classification
Koha item type Books
Holdings
Withdrawn status Lost status Source of classification or shelving scheme Damaged status Home library Current library Shelving location Date acquired Total Checkouts Total Renewals Full call number Barcode Date last seen Date checked out Copy number Price effective from Koha item type Source of acquisition
    Library of Congress Classification   Luxembourg Library Luxembourg Library Filipiniana Section 07/31/2013 5 2 DS 675.8 .R627 2008 19026 05/16/2023 05/03/2023 1 07/31/2013 Books  
    Library of Congress Classification   Luxembourg Library Luxembourg Library Filipiniana Section 07/11/2016 2   DS 675.8 .R627 2008 20263 02/20/2025 02/18/2025   07/11/2016 Books Library Fund

Noli Me Tangere /

APA

Rizal J., . (2008). Noli Me Tangere. Quezon City, Philippines: C&E.

Chicago

Rizal Jose, . 2008. Noli Me Tangere. Quezon City, Philippines: C&E.

Harvard

Rizal J., . (2008). Noli Me Tangere. Quezon City, Philippines: C&E.

MLA

Rizal Jose, . Noli Me Tangere. Quezon City, Philippines: C&E. 2008.

  • Place hold
  • Print
  • Cite
  • Add to your cart (remove)
  • Save record
    BIBTEX Dublin Core MARCXML MARC (non-Unicode/MARC-8) MARC (Unicode/UTF-8) MARC (Unicode/UTF-8, Standard) MODS (XML) RIS
  • More searches
    Search for this title in:
    Other Libraries (WorldCat) Other Databases (Google Scholar) Online Stores (Bookfinder.com) Open Library (openlibrary.org)

Exporting to Dublin Core...

SOUTHVILLE LIBRARY

Southville International School and Colleges Library

1281 Tropical Ave. Cor. Luxembourg St., BF Homes International, Las Pinas City

Tel. No. 8256374 / 252358 Loc. 117/146

Powered by Koha